Religion Quiz

Random Religion Quiz

Greek gods Quiz Stats

 Plays Quiz not verified by Sporcle

Also try: Popes
Challenge
Share
Tweet
Embed
Score 0/17 Timer 07:00
0 Plays Today
Hint Answer % Correct
????
100%
????
97.9%
????
93.8%
????
89.6%
????
83.3%
????
75%
????
75%
????
72.9%
????
72.9%
Hint Answer % Correct
????
72.9%
????
68.8%
????
68.8%
????
66.7%
????
66.7%
????
4.2%
????
4.2%
????
4.2%

You're not logged in!

Compare scores with friends on all Sporcle quizzes.
OR
Log In

You Might Also Like...

Show Comments

Extras

Created Mar 15, 2017ReportNominate
Tags:god, goddess, Greek, roman

Top Quizzes Today


Score Distribution

Your Account Isn't Verified!

In order to create a playlist on Sporcle, you need to verify the email address you used during registration. Go to your Sporcle Settings to finish the process.

Report this User

Report this user for behavior that violates our Community Guidelines.

Details: